Pokémon - Les attaques de Linéon - Statistiques

Statistiques générales
  • Ce quiz a été pris 16 fois
  • Le résultat moyen est 9 sur 18
Statistiques - réponses
Niveaux Types Noms des attaques % Correct
Départ Normal Charge
100%
Départ Sol Jet de Sable
80%
Niveau 12 Normal Coup d'Boule
70%
Niveau 48 Normal Damoclès
70%
Départ Fée Regard Touchant
70%
Niveau 28 Normal Bélier
60%
Départ Normal Mimi-Queue
60%
Départ Normal Rugissement
60%
Niveau 15 Ténèbres Aiguisage
50%
Niveau 18 Normal Combo-Griffe
50%
Départ Ténèbres Passe-Passe
50%
Départ Évolution Normal Tranche
50%
Départ Insecte Dard-Nuée
30%
Niveau 9 Normal Implore
30%
Niveau 43 Normal Cognobidon
20%
Niveau 33 Ténèbres Dégommage
20%
Niveau 38 Normal Gigotage
20%
Niveau 23 Psy Repos
20%
Aucun quiz correspondant
Distribution des résultats
% des personnes avec chaque résultat
Percentile par nombre de réponses
Votre historique - résultats
Vous n’avez pas pris ce quiz